[Event "Santa Barbara op"]
[Site "Santa Barbara"]
[Date "2023.03.04"]
[Round "6"]
[White "Solano Monge, Luis Guillermo"]
[Black "Arce Oviedo, Cesar"]
[Result "0-1"]
[WhiteElo "1427"]
[BlackElo "1686"]
[PlyCount "65"]
[EventDate "2023.01.28"]
[EventType "swiss"]
[EventRounds "6"]
[EventCountry "CRI"]
[SourceTitle "CBM 213 Extra"]
[Source "ChessBase"]
[SourceDate "2023.05.31"]
[SourceVersion "1"]
[SourceVersionDate "2023.05.31"]
[SourceQuality "1"]

1. d4 d5 2. Nf3 Bf5 3. e3 e6 4. Bd3 Nh6 5. b3 Bd6 6. 0-0 c6 7. Bb2 Nd7 8. c4 Rc8 9. Qe2 0-0 10. Nbd2 Bb8 11. Rac1 Bg4 12. Qe1 f5 13. Ne5 Nxe5 14. dxe5 Qg5 15. f4 Qg6 16. c5 Bc7 17. b4 Bd8 18. a4 Qf7 19. Nb3 g5 20. g3 Kh8 21. Kg2 Qh5 22. Kg1 gxf4 23. exf4 Rg8 24. Nd4 Qf7 25. Rc2 Bh3 26. Rf3 Rg7 27. b5 Qd7 28. Qf2 Nf7 29. Qe1 h5 30. Kf2 Nh6 31. Kg1 Be7 32. bxc6 bxc6 33. Ba3 0-1

[Event "Santa Barbara op"]
[Site "Santa Barbara"]
[Date "2023.02.11"]
[Round "3"]
[White "Solano Monge, Luis Guillermo"]
[Black "Guillen Murillo, Sergio Guillermo"]
[Result "0-1"]
[WhiteElo "1427"]
[BlackElo "1721"]
[PlyCount "98"]
[EventDate "2023.01.28"]
[EventType "swiss"]
[EventRounds "6"]
[EventCountry "CRI"]
[SourceTitle "CBM 213 Extra"]
[Source "ChessBase"]
[SourceDate "2023.05.31"]
[SourceVersion "1"]
[SourceVersionDate "2023.05.31"]
[SourceQuality "1"]

1. e4 e5 2. Nf3 Nc6 3. Bc4 Be7 4. d3 d6 5. Nc3 Na5 6. Bb3 Nxb3 7. axb3 Nf6 8. 0-0 Bg4 9. h3 Bh5 10. Bg5 c6 11. Bxf6 Bxf6 12. Qe2 0-0 13. b4 Re8 14. b5 d5 15. bxc6 bxc6 16. Nd1 Qb6 17. c3 a5 18. Qe3 Qb5 19. Qd2 Red8 20. Re1 dxe4 21. Rxe4 Bg6 22. c4 Qb6 23. Rg4 e4 24. Qe3 Qxe3 25. Nxe3 exf3 26. Ra2 fxg2 27. Kxg2 Rxd3 28. b4 a4 29. b5 cxb5 30. cxb5 Rd4 31. Rxd4 Bxd4 32. Nd5 Be4+ 33. Kg1 Bxd5 34. Rd2 a3 35. Rxd4 a2 36. Rd1 a1Q 37. Rxa1 Rxa1+ 38. Kh2 Rb1 39. Kg3 Rxb5 40. Kh2 Rb3 41. h4 h5 42. Kg1 Bf3 43. Kh2 Bg4 44. Kg1 Kh7 45. Kh2 Kg6 46. Kg1 Kf5 47. Kh2 Kf4 48. Kg2 Bf3+ 49. Kh2 Rb1 0-1

[Event "Santa Barbara op"]
[Site "Santa Barbara"]
[Date "2023.01.28"]
[Round "1"]
[White "Gutierrez Soto, Gilberth"]
[Black "Solano Monge, Luis Guillermo"]
[Result "1-0"]
[WhiteElo "1749"]
[BlackElo "1427"]
[PlyCount "73"]
[EventDate "2023.01.28"]
[EventType "swiss"]
[EventRounds "6"]
[EventCountry "CRI"]
[SourceTitle "CBM 213 Extra"]
[Source "ChessBase"]
[SourceDate "2023.05.31"]
[SourceVersion "1"]
[SourceVersionDate "2023.05.31"]
[SourceQuality "1"]

1. e4 c5 2. d4 cxd4 3. c3 d6 4. Nf3 Nc6 5. Bc4 e6 6. cxd4 Nf6 7. Nc3 Be7 8. 0-0 a6 9. Qe2 0-0 10. Rd1 b5 11. Bb3 Bb7 12. e5 Nd5 13. Nxd5 exd5 14. Bxd5 Na5 15. Bxb7 Nxb7 16. Bf4 Qd7 17. Qe4 Rae8 18. Qd5 Nd8 19. exd6 Bf6 20. Ne5 Qe6 21. Qxe6 Nxe6 22. Bg3 Rd8 23. Rac1 Bxe5 24. dxe5 Rfe8 25. f4 f5 26. Rc6 a5 27. d7 Re7 28. Rxe6 Rxe6 29. Bh4 Rxd7 30. Rxd7 g6 31. Bf6 Rc6 32. Rg7+ Kf8 33. Rxh7 Rc1+ 34. Kf2 Rc2+ 35. Kf3 Rc4 36. e6 Re4 37. Rh8# 1-0